Most Common Matches at the World Cup - Statistics

General Stats
  • This quiz has been taken 44 times
  • The average score is 35 of 38
Answer Stats
Times Teams % Correct
7 Brazil
100%
5 Brazil
100%
5 Brazil
100%
5 Brazil
100%
Brazil
100%
Brazil
100%
Brazil
100%
5 England
100%
England
100%
5 Italy
100%
5 Italy
100%
Italy
100%
Italy
100%
Spain
100%
Spain
100%
7 Argentina
97%
5 Argentina
97%
5 Argentina
97%
5 Argentina
97%
Argentina
97%
France
97%
6 Germany
97%
5 Germany
97%
Germany
97%
Germany
97%
Germany
97%
Germany
97%
5 Netherlands
95%
Netherlands
95%
Mexico
89%
5 Belgium
82%
7 Sweden
79%
Sweden
79%
5 Russia
74%
5 Czech Republic
55%
Nigeria
50%
5 Serbia
42%
Serbia
42%
No matching quizzes found
Score Distribution
Percent of People with Each Score
Percentile by Number Answered
Your Score History
You have not taken this quiz